000 00292nam a2200121 4500
999 _c7460
_d7460
082 _a378.02FAR
100 _aFardows, Nayer
245 _aInternational Scholarship Guide
260 _aLahore:
_bHigher Education,
300 _a260p. ;
650 _aInternational Scholarship Guide
942 _cBK